TOEFT iBT INSIDER
Kaydedildi:
| Yazar: | |
|---|---|
| Materyal Türü: | Kitap |
| Dil: | English |
| Baskı/Yayın Bilgisi: |
TP.HCM
2008
|
| Konular: | |
| Etiketler: |
Etiketle
Etiket eklenmemiş, İlk siz ekleyin!
|
| Thư viện lưu trữ: | Mạng thư viện Đại học Đà Nẵng |
|---|
| LEADER | 00563nam a22002291a 4500 | ||
|---|---|---|---|
| 001 | 000034030 | ||
| 003 | 10222 | ||
| 005 | 20151027131602.0 | ||
| 008 | 151027s2008 000 eng | ||
| 041 | |a eng | ||
| 082 | |a 420.8 |b HO-N | ||
| 100 | |a HOÀI NAM | ||
| 245 | |a TOEFT iBT INSIDER |c HOÀI NAM | ||
| 260 | |a TP.HCM |c 2008 | ||
| 300 | |a 813p. : ill ; 30cm | ||
| 650 | |a TOEFT iBT INSIDER, TOEFT iBT | ||
| OWN | |a LNN | ||
| 999 | |a From the UDN01 | ||
| TYP | |a Monograph | ||
| 980 | |a Mạng thư viện Đại học Đà Nẵng | ||